| 000 | 01938cam a2200541Ia 4500 | ||
|---|---|---|---|
| 001 | sjds1084340 | ||
| 003 | sjds | ||
| 005 | 20240506172243.0 | ||
| 008 | 111026t20112011nyua j 000 1 spa d | ||
| 020 | _a9780545328630 (pbk.) | ||
| 020 | _a0545328632 (pbk.) | ||
| 020 |
_a9780545328630 _c$3.99 |
||
| 020 |
_a0545328632 _c$3.99 |
||
| 020 |
_a0545328632 ; _c3.99 |
||
| 020 | _a9780545328630 | ||
| 035 | _a523295 | ||
| 035 | _a(OCoLC)758654299 | ||
| 035 | _z(OCoLC)820783256 | ||
| 035 | _a523295 | ||
| 040 |
_aKKV _cKKV _dIAD _dZGH _dBTCTA _dIFA _dUtOrBLW |
||
| 041 | _aspa | ||
| 049 | _aIFAA | ||
| 099 | _f2011 | ||
| 100 | 1 |
_aGalan, Ana, _eauthor. |
|
| 245 | 1 | 0 |
_aQue cosas dice mi Abuela! : _bdichos y refranes sobre los buenos modales / _cAna Galan ; ilustrado por Pablo Pino. |
| 260 |
_aNew York : _bScholastic, _cc2011 |
||
| 264 | 1 |
_aNew York : _bScholastic, _c[2011] |
|
| 264 | 4 | _cc2011 | |
| 300 |
_a1 volume (unpaged) : _bcolor illustrations ; _c20 cm |
||
| 336 |
_atext _btxt _2rdacontent |
||
| 337 |
_aunmediated _bn _2rdamedia |
||
| 338 |
_avolume _bnc _2rdacarrier |
||
| 520 | _aMy Grandma Grace always had a 'saying' for everything. This book is to document the things she said, and to remind us of those things that made us think and laugh when we were growing up. | ||
| 526 | 0 |
_aAccelerated Reader _bLG _c2.9 _d0.5 _z156459SP |
|
| 650 | 0 |
_aMaxims _vJuvenile fiction. |
|
| 650 | 0 |
_aQuotations _vJuvenile fiction. |
|
| 650 | 0 |
_aEtiquette _vJuvenile fiction. |
|
| 650 | 0 |
_aManners and customs _vJuvenile fiction. |
|
| 650 | 0 |
_aWit and humor _vJuvenile fiction. |
|
| 650 | 7 |
_aMáximas _vNovela juvenil. _2bidex |
|
| 650 | 7 |
_aCitas _vNovela juvenil. _2bidex |
|
| 650 | 7 |
_aEtiqueta _vNovela juvenil. _2bidex |
|
| 650 | 7 |
_aUsos y costumbres _vNovela juvenil. _2bidex |
|
| 650 | 7 |
_aHumorismo _vNovela juvenil. _2bidex |
|
| 655 | 7 |
_aSpanish language materials. _2local |
|
| 700 | 1 | _aPino, Pablo. | |
| 942 |
_cBK _2ddc |
||
| 999 |
_c19333 _d19333 |
||